000 00659nam a2200301Ia 4500
008 160716s9999||||xx |||||||||||||| ||und||
040 _cMarathi
082 _aXI.C Arvikar
082 _bBORI-81330
100 _aArvikar
245 _aBrahamaninada
250 _bSecond
260 _aSolapur
260 _bSangati Prakasahn Samiti
300 _a56
300 _bFirst
300 _cB
300 _ePaperback
530 _u00081330.pdf
563 _aStudy
600 _aArvikar
630 _aBrahamaninada
650 _aGeneral Indology
650 _aPhilosophy
700 _aArvikar
730 _aBrahamaninada
942 _cBOOK
999 _c1398643
_d1398640